Nové výzvy interného auditu v corporate governance

Podstata a princípy corporate governance. Zlyhania a pochybenia corporate governance. Implementácia existujúcich štandardov corporate governance. Trendy v internom audite a v corporate governance v kontexte finančnej krízy.

Saved in:
Bibliographic Details
Main Author: Muchová, Martina, 1973-
Format: Book Chapter
Language:Slovak
Subjects:
Tags: Add Tag
No Tags, Be the first to tag this record!

MARC

LEADER 00000nla a2200000 4500
001 0181277
005 20240515090334.3
041 0 |a slo 
044 |a SK 
245 1 0 |a Nové výzvy interného auditu v corporate governance  |c Martina Muchová 
520 |a Podstata a princípy corporate governance. Zlyhania a pochybenia corporate governance. Implementácia existujúcich štandardov corporate governance. Trendy v internom audite a v corporate governance v kontexte finančnej krízy. 
610 2 0 |a kríza finančná 
610 2 0 |a audit interný 
610 2 0 |a manažment krízový 
610 2 0 |a banky 
610 2 0 |a správa podniku 
100 1 |a Muchová, Martina, 1973-